000 00580nam a22002057a 4500
999 _c7882
_d7882
003 OSt
005 20220420130108.0
008 220420b ||||| |||| 00| 0 eng d
020 _a9780749469641
040 _cDDC
082 _a658.3,ARM,2014
100 _aARMSTRONG MICHEAL
_95965
245 _aARMSTRONG'S HAND BOOK OF HUMAN RESOURCE MANAGEMENT PRACTICE
250 _a13TH ED
260 _aLONDON
_bKOGANPAGE LMTD
_c2014
300 _aXXIV,842P.
_bCOL ILL;
_c24.2CM
504 _aINCLUDES INDEX
650 _aPERSONAL MANAGEMENT HAND BOOK MANNUAL
_916016
942 _2ddc
_cBOOK